Score 0/11 Timer 03:00
2 Plays Today
% Correct
Australia
99.4%
Austria
73.2%
Argentina
72.8%
Algeria
64.9%
Angola
64%
Albania
61.4%
Andorra
60.7%
Afghanistan
58.3%
Azerbaijan
54.9%
Antigua and Barbuda
53.1%
Armenia
52.7%
Remove Ads.
Support Sporcle.
Get the best of Sporcle when you Go Orange. This ad-free experience offers more features, more stats, and more fun while also helping to support Sporcle. Thank you for becoming a member.

You're not logged in!

Compare scores with friends on all Sporcle quizzes.
OR
Log In

Show Comments

Extras

Top Quizzes Today


Score Distribution

Your Account Isn't Verified!

In order to create a playlist on Sporcle, you need to verify the email address you used during registration. Go to your Sporcle Settings to finish the process.

Report this User

Report this user for behavior that violates our Community Guidelines.

Details: